Oraciones del Antiguo Oriente

Saved in:
Bibliografiske detaljer
Main Authors: Christmann-Franck, Lisbeth (Author), Baruch, André (Author), Durand, Jean-Marie (Author), Seux, Marie-Joseph (Author), Tarragon, Jean-Michel de (Author)
Format: Bog
Sprog:spansk
Udgivet: Estella Verbo Divino 1979
Serier:Documentos en Torno a la Biblia, 1
Fag:
Tags: Tilføj Tag
Ingen Tags, Vær først til at tagge denne postø!

MARC

LEADER 00000nam a2200000 a 4500
001 UCW9131
003 CL-VaPUC
008 881212e19790000SP |||||||||||||||||spa|d
020 |a 8471512572 
082 0 4 |a 291.3  |b CHR  |2 21 
100 0 |a Christmann-Franck, Lisbeth  |e author  |9 314280 
700 0 |a Baruch, André  |e author  |9 314281 
700 0 |a Durand, Jean-Marie  |e author  |9 314282 
700 0 |a Seux, Marie-Joseph  |e author  |9 314283 
700 0 |a Tarragon, Jean-Michel de  |e author  |9 314284 
245 1 0 |a Oraciones del Antiguo Oriente 
300 |a 97 p 
942 |c BK 
945 |d 19881212 00:00:00 
260 |a Estella  |b Verbo Divino  |c 1979 
650 0 |a Religiones antiguas  |9 314285 
650 0 |a Textos sagrados   |9 257605 
650 0 |a Dioses  |9 265645 
651 0 |a Mesopotamia  |9 314286 
583 |a last modification  |c 19881212 00:00:00  |k Rodrigo Vera 
490 0 |a Documentos en Torno a la Biblia, 1 
999 |c 221175  |d 221173 
952 |0 0  |1 0  |4 0  |6 291_300000000000000_CHR_1979  |7 0  |8 A  |9 214221  |a BIBTEO  |b BIBTEO  |d 2019-11-15  |i 2828421  |o 291.3 CHR 1979  |p 2828421  |r 2024-01-18  |w 2019-11-15  |y BK  |k ICR